Đang tải...
Barclays guide to international trade for the small business
| Tác giả chính: | |
|---|---|
| Định dạng: | Printed Book |
| Ngôn ngữ: | Undetermined |
| Được phát hành: |
Oxford
Black well Publications
1990
|
| LEADER | 00560nam a2200145Ia 4500 | ||
|---|---|---|---|
| 008 | 161229s9999 xx 000 0 und d | ||
| 020 | |a 0631172521 | ||
| 082 | |a 382 WIL/BAR | ||
| 100 | |a Wilson, John | ||
| 245 | |a Barclays guide to international trade for the small business | ||
| 260 | |b Black well Publications |a Oxford |c 1990 | ||
| 300 | |a xiv, 201 | ||
| 942 | |c BK | ||
| 999 | |c 153158 |d 153158 | ||
| 952 | |0 0 |1 0 |4 0 |6 382_000000000000000_WILBAR |7 0 |9 152225 |a KAUCLV |b KAUCLV |d 2016-12-29 |o 382 WIL/BAR |p 904467 |r 2016-12-29 |w 2016-12-29 |y BK |z Book transferred from CCBM Library ,Acc.No:2902 | ||